[Event "HUN-chT 2223"]
[Site "Hungary"]
[Date "2023.04.22"]
[Round "8.1"]
[White "Prorok, Marton"]
[Black "Grigoriants, Sergey"]
[Result "0-1"]
[WhiteElo "2350"]
[BlackElo "2550"]
[PlyCount "78"]
[EventDate "2022.11.20"]
[EventType "team-tourn"]
[EventRounds "9"]
[EventCountry "HUN"]
[SourceTitle "EXT 2024"]
[Source "ChessBase"]
[SourceDate "2023.10.10"]
[SourceVersion "1"]
[SourceVersionDate "2023.10.10"]
[SourceQuality "1"]
[WhiteTeam "Hetenyi Geza"]
[BlackTeam "Dunaharaszti"]
[WhiteTeamCountry "HUN"]
[BlackTeamCountry "HUN"]

1. e4 c5 2. f4 d5 3. Nf3 dxe4 4. Ng5 e6 5. Nxe4 Nc6 6. Bb5 Nge7 7. Nbc3 a6 8. Bxc6+ Nxc6 9. d3 Be7 10. Be3 Nd4 11. Ne2 b6 12. c3 Nf5 13. Bf2 Bb7 14. Qc2 Qd7 15. 0-0-0 h5 16. g3 Qc6 17. Rhe1 0-0-0 18. Nd2 f6 19. Nc4 Nd6 20. Nxd6+ Rxd6 21. d4 Qf3 22. Bg1 Rhd8 23. Qg6 Qg4 24. Qc2 h4 25. dxc5 bxc5 26. Rxd6 Bxd6 27. Qd2 hxg3 28. hxg3 Qf3 29. Rd1 Be7 30. Qe3 Rxd1+ 31. Kxd1 Qd5+ 32. Kc2 Qxa2 33. Nc1 Qc4 34. Nb3 Be4+ 35. Kc1 Qf1+ 36. Kd2 Qb1 37. Nxc5 Qxb2+ 38. Ke1 Bd5 39. Qd2 Qa1+ 0-1

[Event "HUN-chT 2223"]
[Site "Hungary"]
[Date "2023.02.12"]
[Round "5.1"]
[White "Prorok, Marton"]
[Black "Pechac, Jergus"]
[Result "0-1"]
[WhiteElo "2350"]
[BlackElo "2624"]
[PlyCount "64"]
[EventDate "2022.11.20"]
[EventType "team-tourn"]
[EventRounds "9"]
[EventCountry "HUN"]
[SourceTitle "CBM 213 Extra"]
[Source "ChessBase"]
[SourceDate "2023.05.31"]
[SourceVersion "1"]
[SourceVersionDate "2023.05.31"]
[SourceQuality "1"]
[WhiteTeam "Hetenyi Geza"]
[BlackTeam "Ajka Sentimento"]
[WhiteTeamCountry "HUN"]
[BlackTeamCountry "HUN"]

1. e4 e5 2. Nc3 Nf6 3. f4 d5 4. Qe2 Nc6 5. Nf3 d4 6. fxe5 Ng4 7. Nd5 Ngxe5 8. h3 Nxf3+ 9. Qxf3 Ne5 10. Qg3 Qd6 11. c3 d3 12. Nb4 Be7 13. Nxd3 Nxd3+ 14. Qxd3 Qg6 15. Qf3 Bd7 16. d4 f5 17. Bd3 Bh4+ 18. Kd1 0-0 19. Be3 fxe4 20. Qxe4 Bf5 21. Bc4+ Kh8 22. Qxh4 Qxg2 23. Rg1 Qc2+ 24. Ke1 Qxb2 25. Rc1 Rae8 26. Kd1 Be4 27. Rg3 Bf3+ 28. Rxf3 Rxf3 29. Rc2 Qa1+ 30. Rc1 Qb2 31. Rc2 Qb1+ 32. Rc1 Qf5 0-1

[Event "Budapest-chT1 Lilienthal 1718"]
[Site "Budapest"]
[Date "2017.11.19"]
[Round "4"]
[White "Prorok, Marton"]
[Black "Havanecz, Bianka"]
[Result "1-0"]
[WhiteElo "2332"]
[BlackElo "2181"]
[PlyCount "73"]
[EventDate "2017.10.01"]
[EventType "team-tourn"]
[EventRounds "13"]
[EventCountry "HUN"]
[SourceTitle "EXT 2021"]
[Source "ChessBase"]
[SourceDate "2020.10.23"]
[SourceVersion "1"]
[SourceVersionDate "2020.10.23"]
[SourceQuality "1"]
[WhiteTeam "Fabulon"]
[BlackTeam "Aquarena III"]
[WhiteTeamCountry "HUN"]
[BlackTeamCountry "HUN"]

1. e4 e5 2. Nc3 Nf6 3. f4 d5 4. Qe2 d4 5. fxe5 Ng4 6. Nd5 c6 7. e6 cxd5 8. exd5 Qxd5 9. Qxg4 Bxe6 10. Qg3 Nc6 11. a3 Qe4+ 12. Kd1 0-0-0 13. d3 Qf5 14. Ne2 h5 15. Nf4 Bd6 16. h4 f6 17. Qf2 Bd7 18. g3 Qc5 19. b4 Qc3 20. Ra2 Bg4+ 21. Be2 Ne5 22. Rf1 g5 23. Nd5 Qc6 24. Qxd4 Bxe2+ 25. Kxe2 Rhe8 26. Kd1 gxh4 27. gxh4 Ng4 28. c4 Qa4+ 29. Rc2 Re2 30. Bd2 Re6 31. Qc3 Bg3 32. Rf5 Rde8 33. Kc1 Bxh4 34. Rxh5 Be1 35. b5 Bf2 36. Rh7 Bc5 37. Rc7+ 1-0

[Event "HUN-chT2 Erkel 1718"]
[Site "Hungary"]
[Date "2017.10.08"]
[Round "2.1"]
[White "Prorok, Marton"]
[Black "Juracsik, Jozsef"]
[Result "1/2-1/2"]
[WhiteElo "2332"]
[BlackElo "2102"]
[PlyCount "49"]
[EventDate "2017.09.24"]
[EventType "team-tourn"]
[EventRounds "11"]
[EventCountry "HUN"]
[SourceTitle "EXT 2021"]
[Source "ChessBase"]
[SourceDate "2020.10.23"]
[SourceVersion "1"]
[SourceVersionDate "2020.10.23"]
[SourceQuality "1"]
[WhiteTeam "Sarkany DSE"]
[BlackTeam "Andornaktalya"]
[WhiteTeamCountry "HUN"]
[BlackTeamCountry "HUN"]

1. e4 c5 2. f4 Nc6 3. Nf3 g6 4. Nc3 Bg7 5. Bc4 e6 6. d3 Nge7 7. Bd2 a6 8. Qe2 Na5 9. 0-0-0 b5 10. Bb3 Bb7 11. h4 h5 12. e5 Nf5 13. Qf2 Qc7 14. Be3 Rc8 15. Ng5 Nxe3 16. Qxe3 d5 17. exd6 Nxb3+ 18. axb3 Qxd6 19. Nce4 Qe7 20. Qg3 0-0 21. Rhg1 c4 22. dxc4 Bxe4 23. Nxe4 bxc4 24. Nd6 Qf6 25. c3 1/2-1/2

[Event "Budapest FS09 IM"]
[Site "Budapest"]
[Date "2017.09.09"]
[Round "7"]
[White "Szalanczy, Emil"]
[Black "Prorok, Marton"]
[Result "1/2-1/2"]
[WhiteElo "2195"]
[BlackElo "2332"]
[PlyCount "65"]
[EventDate "2017.09.02"]
[EventType "tourn"]
[EventRounds "9"]
[EventCountry "HUN"]
[EventCategory "1"]
[SourceTitle "CBM 180 Extra"]
[Source "ChessBase"]
[SourceDate "2017.10.06"]
[SourceVersion "1"]
[SourceVersionDate "2017.10.06"]
[SourceQuality "1"]

1. e4 c5 2. Nf3 d6 3. d4 cxd4 4. Nxd4 Nf6 5. Nc3 a6 6. Be3 Ng4 7. Bg5 h6 8. Bh4 g5 9. Bg3 Bg7 10. h3 Ne5 11. f3 Nbc6 12. Bf2 0-0 13. Qd2 Na5 14. b3 Bd7 15. Be2 Rc8 16. 0-0 e6 17. Rae1 Ng6 18. Bd3 b5 19. Nce2 Nc4 20. bxc4 bxc4 21. Rb1 cxd3 22. cxd3 Re8 23. Rfc1 Rxc1+ 24. Rxc1 Qb8 25. Nc6 Qb7 26. Na5 Qb8 27. d4 Bb5 28. Nc3 Rc8 29. Rb1 Qc7 30. Nxb5 axb5 31. g3 Qd7 32. Qd3 Qc7 33. Qd2 1/2-1/2

[Event "Budapest FS09 IM"]
[Site "Budapest"]
[Date "2017.09.08"]
[Round "6"]
[White "Prorok, Marton"]
[Black "Turzo, Attila"]
[Result "1-0"]
[WhiteElo "2332"]
[BlackElo "2306"]
[PlyCount "99"]
[EventDate "2017.09.02"]
[EventType "tourn"]
[EventRounds "9"]
[EventCountry "HUN"]
[EventCategory "1"]
[SourceTitle "CBM 180 Extra"]
[Source "ChessBase"]
[SourceDate "2017.10.06"]
[SourceVersion "1"]
[SourceVersionDate "2017.10.06"]
[SourceQuality "1"]

1. e4 c5 2. f4 g6 3. Nf3 Bg7 4. Nc3 Nc6 5. d3 d6 6. Be3 Nf6 7. Qd2 Rb8 8. d4 cxd4 9. Nxd4 0-0 10. 0-0-0 Bd7 11. Be2 a6 12. h4 Ng4 13. h5 Nxe3 14. Nxc6 bxc6 15. Qxe3 Qb6 16. Qxb6 Rxb6 17. e5 Rfb8 18. h6 Bh8 19. b3 Rb4 20. Rhf1 Be6 21. a3 R4b7 22. g4 f5 23. gxf5 Bxf5 24. Na4 Rd7 25. Bxa6 Kf8 26. Bd3 dxe5 27. fxe5 Ke8 28. Nc5 Rd5 29. Bxf5 Rxc5 30. Bd7+ Kd8 31. Bxc6+ Kc7 32. Bd5 Bxe5 33. Rf7 Bf6 34. Kb1 Kd6 35. Bf3+ Ke5 36. Rxh7 Kf4 37. Rf1 g5 38. Be2+ Ke3 39. Bg4 Rc4 40. Rf3+ Kd2 41. Rd3+ Ke1 42. Be6 Rh4 43. c4 Rh2 44. c5 Rb5 45. b4 Re2 46. Bd7 Rb8 47. c6 Rb2+ 48. Kc1 Ke2 49. Rh3 Kf1 50. c7 1-0

[Event "Budapest FS09 IM"]
[Site "Budapest"]
[Date "2017.09.05"]
[Round "4"]
[White "Prorok, Marton"]
[Black "Ilincic, Zlatko"]
[Result "0-1"]
[WhiteElo "2332"]
[BlackElo "2436"]
[PlyCount "56"]
[EventDate "2017.09.02"]
[EventType "tourn"]
[EventRounds "9"]
[EventCountry "HUN"]
[EventCategory "1"]
[SourceTitle "CBM 180 Extra"]
[Source "ChessBase"]
[SourceDate "2017.10.06"]
[SourceVersion "1"]
[SourceVersionDate "2017.10.06"]
[SourceQuality "1"]

1. e4 c5 2. Nf3 d6 3. d4 cxd4 4. Nxd4 Nf6 5. Bc4 a6 6. Nc3 e6 7. Bg5 Be7 8. Qd2 b5 9. Bd3 Bb7 10. f3 Nbd7 11. 0-0-0 b4 12. Nce2 Qa5 13. Kb1 Nxe4 14. Bxe4 Bxg5 15. f4 Bxe4 16. fxg5 Nc5 17. Ng3 0-0 18. Rhf1 Qb6 19. Qe2 d5 20. Nb3 Rac8 21. h4 Nxb3 22. Nxe4 Nd4 23. Nf6+ gxf6 24. Qg4 f5 25. Qxd4 Qxd4 26. Rxd4 a5 27. g4 fxg4 28. Rxg4 Rc4 0-1

[Event "Budapest FS09 IM"]
[Site "Budapest"]
[Date "2017.09.03"]
[Round "2"]
[White "Juhasz, Barbara"]
[Black "Prorok, Marton"]
[Result "1/2-1/2"]
[WhiteElo "2191"]
[BlackElo "2332"]
[PlyCount "60"]
[EventDate "2017.09.02"]
[EventType "tourn"]
[EventRounds "9"]
[EventCountry "HUN"]
[EventCategory "1"]
[SourceTitle "CBM 180 Extra"]
[Source "ChessBase"]
[SourceDate "2017.10.06"]
[SourceVersion "1"]
[SourceVersionDate "2017.10.06"]
[SourceQuality "1"]

1. e4 c5 2. Nf3 b6 3. d4 cxd4 4. Nxd4 Bb7 5. Nc3 a6 6. Bd3 g6 7. 0-0 Bg7 8. Be3 Nc6 9. Nxc6 Bxc6 10. Nd5 Bxd5 11. exd5 Nf6 12. d6 0-0 13. dxe7 Qxe7 14. c3 Rfe8 15. Qf3 d5 16. Rad1 Qe6 17. Bc2 Ne4 18. Bb3 Rad8 19. Bd4 Bxd4 20. Rxd4 Kg7 21. h3 Nf6 22. Rfd1 Qe2 23. Qxe2 Rxe2 24. R4d2 Rde8 25. Kf1 Rxd2 26. Rxd2 Re5 27. Re2 Re6 28. Rd2 Re5 29. Re2 Re6 30. Rd2 Re5 1/2-1/2

[Event "Budapest FS09 IM"]
[Site "Budapest"]
[Date "2017.09.02"]
[Round "1"]
[White "Prorok, Marton"]
[Black "Eliseev, Evgeniy1111"]
[Result "0-1"]
[WhiteElo "2332"]
[BlackElo "2338"]
[PlyCount "36"]
[EventDate "2017.09.02"]
[EventType "tourn"]
[EventRounds "9"]
[EventCountry "HUN"]
[EventCategory "1"]
[SourceTitle "CBM 180 Extra"]
[Source "ChessBase"]
[SourceDate "2017.10.06"]
[SourceVersion "1"]
[SourceVersionDate "2017.10.06"]
[SourceQuality "1"]

1. e4 d6 2. f4 c5 3. b3 Nf6 4. Nc3 Nc6 5. Nf3 g6 6. Bb2 Bg7 7. Bc4 Nxe4 8. Ng5 Nxg5 9. fxg5 Ne5 10. Bb5+ Bd7 11. Be2 Bc6 12. Bf3 Nxf3+ 13. gxf3 e6 14. h4 h6 15. Rg1 hxg5 16. hxg5 Bd4 17. Na4 Bxg1 18. Bf6 Bd4 0-1

[Event "Budapest FS10 IM"]
[Site "Budapest"]
[Date "2016.10.09"]
[Round "8"]
[White "Prorok, Marton"]
[Black "Maksimovic, Branimir"]
[Result "0-1"]
[WhiteElo "2334"]
[BlackElo "2331"]
[PlyCount "58"]
[EventDate "2016.10.01"]
[EventType "tourn"]
[EventRounds "9"]
[EventCountry "HUN"]
[EventCategory "1"]
[SourceTitle "EXT 2017"]
[Source "ChessBase"]
[SourceDate "2016.10.25"]
[SourceVersion "1"]
[SourceVersionDate "2016.10.25"]
[SourceQuality "1"]

1. e4 e6 2. b3 d5 3. Bb2 Nf6 4. Nc3 d4 5. Nb5 e5 6. f4 Nc6 7. fxe5 Nxe4 8. Nf3 Bg4 9. h3 Bxf3 10. Qxf3 Qh4+ 11. g3 Nxg3 12. 0-0-0 0-0-0 13. Qxf7 Qe7 14. Qxe7 Bxe7 15. Rg1 Nxf1 16. Rdxf1 a6 17. Nxd4 Nxd4 18. Rxg7 Bf8 19. Rg4 c5 20. Rf7 Bh6 21. Kd1 Rhf8 22. Rxf8 Bxf8 23. Bxd4 Rxd4 24. c3 Rxg4 25. hxg4 Kd7 26. d4 Ke6 27. Ke2 cxd4 28. cxd4 Kd5 29. Kd3 Bb4 0-1

[Event "Budapest FS10 IM"]
[Site "Budapest"]
[Date "2016.10.08"]
[Round "7"]
[White "Chekletsov, Egor"]
[Black "Prorok, Marton"]
[Result "0-1"]
[WhiteElo "2287"]
[BlackElo "2334"]
[PlyCount "58"]
[EventDate "2016.10.01"]
[EventType "tourn"]
[EventRounds "9"]
[EventCountry "HUN"]
[EventCategory "1"]
[SourceTitle "EXT 2017"]
[Source "ChessBase"]
[SourceDate "2016.10.25"]
[SourceVersion "1"]
[SourceVersionDate "2016.10.25"]
[SourceQuality "1"]

1. d4 f5 2. Bg5 h6 3. Bh4 c5 4. e4 Qb6 5. Nc3 g5 6. Nd5 Qxb2 7. Rb1 Qxa2 8. Ra1 Qb2 9. Rb1 Qxd4 10. Nc7+ Kd8 11. Qxd4 cxd4 12. Nxa8 gxh4 13. exf5 Nc6 14. Nf3 e5 15. fxe6 dxe6 16. Bb5 Bb4+ 17. Kd1 Bc5 18. Bxc6 bxc6 19. Ne5 Rh7 20. Nxc6+ Kd7 21. Na5 Nf6 22. Nb3 Bd6 23. Ra1 Bb8 24. Ra4 e5 25. Rb4 Ne4 26. Rxb8 Nxf2+ 27. Ke2 Nxh1 28. Nc5+ Kd8 29. Ne4 Rb7 0-1

[Event "Budapest FS10 IM"]
[Site "Budapest"]
[Date "2016.10.07"]
[Round "6"]
[White "Prorok, Marton"]
[Black "Krstulovic, Alex"]
[Result "1/2-1/2"]
[WhiteElo "2334"]
[BlackElo "2245"]
[PlyCount "98"]
[EventDate "2016.10.01"]
[EventType "tourn"]
[EventRounds "9"]
[EventCountry "HUN"]
[EventCategory "1"]
[SourceTitle "EXT 2017"]
[Source "ChessBase"]
[SourceDate "2016.10.25"]
[SourceVersion "1"]
[SourceVersionDate "2016.10.25"]
[SourceQuality "1"]

1. e4 c5 2. f4 d5 3. Nf3 dxe4 4. Ng5 Nf6 5. Bc4 Bg4 6. Bxf7+ Kd7 7. Qxg4+ Nxg4 8. Be6+ Kc6 9. Bxg4 e5 10. 0-0 exf4 11. Ne6 Qh4 12. Rxf4 Bd6 13. g3 Qh6 14. Rxe4 Nd7 15. Nc3 Nf6 16. d4 Qg6 17. d5+ Kb6 18. Na4+ Ka6 19. Nexc5+ Bxc5+ 20. Nxc5+ Kb6 21. Nd7+ Kc7 22. Rc4+ Kd8 23. Ne5 Qe8 24. Be6 Rf8 25. Bf4 Qb5 26. Re1 h6 27. a4 Qxb2 28. Nf7+ Rxf7 29. Bxf7 Rc8 30. Be5 Qb6+ 31. Bd4 Qa5 32. Bxf6+ gxf6 33. Re8+ Kd7 34. Rcxc8 Qd2 35. Rcd8+ Kc7 36. Rc8+ Kd7 37. Rcd8+ Kc7 38. d6+ Kb6 39. d7 Qd1+ 40. Kg2 Qxc2+ 41. Kh3 Qf5+ 42. g4 Qf3+ 43. Kh4 f5 44. Rg8 fxg4 45. Rxg4 Qf2+ 46. Kh5 Qf5+ 47. Kh4 Qf2+ 48. Kh5 Qf5+ 49. Kh4 Qf2+ 1/2-1/2

[Event "Budapest FS10 IM"]
[Site "Budapest"]
[Date "2016.10.04"]
[Round "4"]
[White "Lundin, Jan"]
[Black "Prorok, Marton"]
[Result "0-1"]
[WhiteElo "2264"]
[BlackElo "2334"]
[PlyCount "94"]
[EventDate "2016.10.01"]
[EventType "tourn"]
[EventRounds "9"]
[EventCountry "HUN"]
[EventCategory "1"]
[SourceTitle "EXT 2017"]
[Source "ChessBase"]
[SourceDate "2016.10.25"]
[SourceVersion "1"]
[SourceVersionDate "2016.10.25"]
[SourceQuality "1"]

1. e4 c5 2. Nc3 Nc6 3. g3 d6 4. Bg2 Nf6 5. d3 Bg4 6. f3 Be6 7. f4 g6 8. Nge2 Bg7 9. 0-0 Qd7 10. Nd5 0-0-0 11. c3 Bh3 12. Ne3 h5 13. Qe1 h4 14. gxh4 Bxg2 15. Nxg2 Kb8 16. Rf3 Rh5 17. Ng3 Rh7 18. Nf1 Rdh8 19. Qe2 e6 20. Bd2 Ka8 21. Be1 d5 22. Bf2 d4 23. Rc1 Ng4 24. Be1 f5 25. h3 Nf6 26. e5 Nd5 27. Bg3 dxc3 28. bxc3 Nxc3 29. Qb2 Na4 30. Qb1 Nd4 31. Re3 Bf8 32. Kh2 Be7 33. Nd2 Qd5 34. Rf1 g5 35. fxg5 Bxg5 36. hxg5 Rxh3+ 37. Kg1 Nc3 38. Qa1 Nce2+ 39. Kf2 f4 40. Bxf4 Nxf4 41. Nxf4 Rh2+ 42. Ke1 Nc2+ 43. Kd1 Nxe3+ 44. Kc1 Qc6 45. Re1 Rh1 46. Kb2 Qb5+ 47. Nb3 R8h2+ 0-1

[Event "HUN-chT2 Charousek 1516"]
[Site "Hungary"]
[Date "2016.03.20"]
[Round "7.4"]
[White "Dankhazi, Andras"]
[Black "Prorok, Marton"]
[Result "1/2-1/2"]
[WhiteElo "2151"]
[BlackElo "2318"]
[PlyCount "81"]
[EventDate "2015.10.18"]
[EventType "team-tourn"]
[EventRounds "9"]
[EventCountry "HUN"]
[SourceTitle "EXT 2017"]
[Source "ChessBase"]
[SourceDate "2016.10.25"]
[SourceVersion "1"]
[SourceVersionDate "2016.10.25"]
[SourceQuality "1"]
[WhiteTeam "Paks ASE II"]
[BlackTeam "Hobagoly"]
[WhiteTeamCountry "HUN"]
[BlackTeamCountry "HUN"]

1. d4 Nf6 2. Nf3 c5 3. c4 cxd4 4. Nxd4 Nc6 5. Nc3 Qb6 6. Nb3 Ne5 7. e4 Qc6 8. Qd4 d6 9. c5 a6 10. cxd6 exd6 11. Bg5 Be7 12. f4 Ng6 13. Rc1 Qd7 14. Qd2 0-0 15. g3 Re8 16. Bg2 Qd8 17. 0-0 Rb8 18. Rcd1 Be6 19. Bxf6 Bxf6 20. Qxd6 Qxd6 21. Rxd6 Be7 22. Rdd1 Bc4 23. Rfe1 Bb4 24. e5 b5 25. Bd5 Red8 26. Bf3 a5 27. Rxd8+ Rxd8 28. Rd1 Rxd1+ 29. Nxd1 a4 30. a3 Bxa3 31. bxa3 axb3 32. Kf2 Ne7 33. Ke3 f6 34. exf6 gxf6 35. Kd4 Nf5+ 36. Kc3 Kg7 37. a4 bxa4 38. Kxc4 b2 39. Nxb2 a3 40. Kb3 Nd4+ 41. Kxa3 1/2-1/2

[Event "Budapest-chT1 Lilienthal 1516"]
[Site "Budapest"]
[Date "2015.12.13"]
[Round "5"]
[White "Prorok, Marton"]
[Black "Kormos, Adam"]
[Result "1-0"]
[WhiteElo "2314"]
[BlackElo "2116"]
[PlyCount "49"]
[EventDate "2015.09.20"]
[EventType "team-tourn"]
[EventRounds "9"]
[EventCountry "HUN"]
[SourceTitle "EXT 2021"]
[Source "ChessBase"]
[SourceDate "2020.10.23"]
[SourceVersion "1"]
[SourceVersionDate "2020.10.23"]
[SourceQuality "1"]
[WhiteTeam "Fabulon"]
[BlackTeam "Budapest EAC II"]
[WhiteTeamCountry "HUN"]
[BlackTeamCountry "HUN"]

1. e4 c5 2. f4 d5 3. Nf3 dxe4 4. Ng5 Nf6 5. Bc4 e6 6. Nc3 a6 7. a4 Bd7 8. 0-0 Bc6 9. Qe2 Qd4+ 10. Kh1 h6 11. Nxf7 Kxf7 12. d3 h5 13. dxe4 Ng4 14. f5 Bd6 15. Bxe6+ Ke8 16. Bg5 Nd7 17. Rad1 Qe5 18. Bxd7+ Bxd7 19. g3 Nxh2 20. Bf4 Nxf1 21. Bxe5 Bxe5 22. Qxf1 Rc8 23. Nd5 Rc6 24. Qc4 Kd8 25. Qb3 1-0

[Event "Budapest FS10 IM"]
[Site "Budapest"]
[Date "2015.10.07"]
[Round "5"]
[White "Prorok, Marton"]
[Black "Szeberenyi, Adam"]
[Result "1-0"]
[WhiteElo "2304"]
[BlackElo "2376"]
[PlyCount "103"]
[EventDate "2015.10.03"]
[EventType "tourn"]
[EventRounds "9"]
[EventCountry "HUN"]
[EventCategory "2"]
[SourceTitle "CBM 168 Extra"]
[Source "ChessBase"]
[SourceDate "2015.10.29"]
[SourceVersion "1"]
[SourceVersionDate "2015.10.29"]
[SourceQuality "1"]

1. e4 c5 2. f4 Nc6 3. Nc3 g6 4. b3 Bg7 5. Bb2 d6 6. Nf3 e6 7. Bb5 Bd7 8. Qe2 Nd4 9. Bxd7+ Qxd7 10. Qd3 Ne7 11. 0-0-0 Nec6 12. Nxd4 Bxd4 13. h4 0-0-0 14. Qe2 Kb8 15. h5 a6 16. Rh3 d5 17. Rdh1 f5 18. hxg6 hxg6 19. Rxh8 Rxh8 20. Rxh8+ Bxh8 21. exd5 exd5 22. Na4 Bxb2+ 23. Kxb2 Qd6 24. Qe8+ Ka7 25. g3 d4 26. Qf7 Nd8 27. Qg7 Qc6 28. Qg8 Ne6 29. Qxg6 c4 30. g4 fxg4 31. f5 Nf4 32. Qxg4 Qe4 33. Qg1 Qe5 34. bxc4 b5 35. c3 Ne2 36. cxd4 Qe7 37. Qe3 Qb4+ 38. Ka1 bxa4 39. d5+ Kb7 40. Qxe2 a3 41. d4 Qc3+ 42. Kb1 Qxd4 43. Kc2 Qb2+ 44. Kd3 Qb1+ 45. Kc3 Qxf5 46. Qe7+ Kb8 47. Kb4 Qb1+ 48. Ka5 Qxa2 49. Qd6+ Kc8 50. Qc6+ Kb8 51. Kxa6 Qb2 52. d6 1-0

[Event "Budapest FS10 IM"]
[Site "Budapest"]
[Date "2015.10.06"]
[Round "4"]
[White "Terbe, Zsuzsanna"]
[Black "Prorok, Marton"]
[Result "1/2-1/2"]
[WhiteElo "2160"]
[BlackElo "2304"]
[PlyCount "51"]
[EventDate "2015.10.03"]
[EventType "tourn"]
[EventRounds "9"]
[EventCountry "HUN"]
[EventCategory "2"]
[SourceTitle "CBM 168 Extra"]
[Source "ChessBase"]
[SourceDate "2015.10.29"]
[SourceVersion "1"]
[SourceVersionDate "2015.10.29"]
[SourceQuality "1"]

1. e4 c5 2. c3 d5 3. exd5 Qxd5 4. d4 cxd4 5. cxd4 Nc6 6. Nf3 Bg4 7. Be2 e6 8. Nc3 Qf5 9. h3 Bxf3 10. Bxf3 Nf6 11. Be3 Bd6 12. Qb3 0-0 13. Qxb7 Nb4 14. 0-0 Rfb8 15. Qxa8 Rxa8 16. Bxa8 h5 17. Rad1 h4 18. a3 Nbd5 19. Bxd5 Nxd5 20. Nxd5 Qxd5 21. b4 g5 22. f3 Kg7 23. Bc1 Qf5 24. Rfe1 Qd5 25. Rf1 Qf5 26. Rfe1 1/2-1/2

[Event "HUN-chT2 Breyer 1415"]
[Site "Hungary"]
[Date "2015.01.25"]
[Round "?"]
[White "Prorok, Marton"]
[Black "Nagy, Hunor"]
[Result "1-0"]
[WhiteElo "2292"]
[BlackElo "1986"]
[PlyCount "71"]
[EventDate "2014.09.07"]
[EventType "team-tourn"]
[EventRounds "11"]
[EventCountry "HUN"]
[SourceTitle "EXT 2016"]
[Source "ChessBase"]
[SourceDate "2015.10.08"]
[SourceVersion "1"]
[SourceVersionDate "2015.10.08"]
[SourceQuality "1"]
[WhiteTeam "Hobagoly"]
[BlackTeam "Szechenyi"]
[WhiteTeamCountry "HUN"]
[BlackTeamCountry "HUN"]

1. e4 e5 2. Nc3 Nc6 3. f4 d6 4. f5 g6 5. fxg6 hxg6 6. Bc4 Na5 7. Be2 Be6 8. Nf3 Bh6 9. d4 exd4 10. Qxd4 Qf6 11. Qa4+ Nc6 12. Nd5 Qd8 13. Bxh6 Nxh6 14. 0-0-0 Ng4 15. Nd4 0-0 16. Nxe6 fxe6 17. Bxg4 Qg5+ 18. Kb1 Qxg4 19. h3 Qxg2 20. Nxc7 Rac8 21. Rhg1 Qe2 22. Nxe6 Rf6 23. Ng5 Kh8 24. e5 Nxe5 25. Qh4+ Qh5 26. Qxh5+ gxh5 27. Ne4 Rf4 28. Rxd6 Nf7 29. Rd5 Rc6 30. Rxh5+ Rh6 31. Rxh6+ Nxh6 32. Nd6 b6 33. Nc8 Rf7 34. Re1 Nf5 35. Rf1 Kg7 36. Nxa7 1-0

[Event "Budapest FS09 FM-A"]
[Site "Budapest"]
[Date "2014.09.14"]
[Round "9"]
[White "Berta, Sandor Martin"]
[Black "Prorok, Marton"]
[Result "0-1"]
[WhiteElo "2022"]
[BlackElo "2292"]
[PlyCount "56"]
[EventDate "2014.09.06"]
[EventType "tourn"]
[EventRounds "11"]
[EventCountry "HUN"]
[SourceTitle "CBM 162 Extra"]
[Source "ChessBase"]
[SourceDate "2014.10.17"]
[SourceVersion "1"]
[SourceVersionDate "2014.10.17"]
[SourceQuality "1"]

1. e4 e5 2. Nf3 Nf6 3. Nc3 Bc5 4. Be2 d6 5. d3 Nc6 6. Na4 Bb6 7. Nxb6 axb6 8. 0-0 d5 9. exd5 Qxd5 10. b3 0-0 11. Bb2 Rd8 12. Re1 Qd6 13. Nd2 Be6 14. Bf3 Bd5 15. Nc4 Bxc4 16. bxc4 Re8 17. Qc1 Re6 18. Bc3 e4 19. dxe4 Ne5 20. Qf4 Qc5 21. Rad1 Rae8 22. Rd4 Nxc4 23. Red1 Ne5 24. Bb4 Qxc2 25. Rc1 Qxa2 26. Rxc7 Nxf3+ 27. Qxf3 Rxe4 28. Rxe4 Qb1+ 0-1

[Event "Budapest FS09 FM-A"]
[Site "Budapest"]
[Date "2014.09.11"]
[Round "6"]
[White "Prorok, Marton"]
[Black "Sousa, Andre Ventura"]
[Result "0-1"]
[WhiteElo "2292"]
[BlackElo "2025"]
[PlyCount "112"]
[EventDate "2014.09.06"]
[EventType "tourn"]
[EventRounds "11"]
[EventCountry "HUN"]
[SourceTitle "CBM 162 Extra"]
[Source "ChessBase"]
[SourceDate "2014.10.17"]
[SourceVersion "1"]
[SourceVersionDate "2014.10.17"]
[SourceQuality "1"]

1. e4 c5 2. f4 Nc6 3. Nf3 g6 4. Nc3 Bg7 5. Be2 d6 6. 0-0 Bg4 7. Nd5 Nf6 8. Ne3 Bxf3 9. Bxf3 0-0 10. d3 Nd4 11. Kh1 Nd7 12. g4 h6 13. Bg2 Rc8 14. c3 Nc6 15. Qf3 b5 16. Bd2 b4 17. Rg1 Nb6 18. Rab1 Na4 19. Rgc1 e6 20. Qg3 g5 21. Nc4 d5 22. exd5 exd5 23. Ne3 d4 24. cxd4 Nxd4 25. Be4 Ne2 26. Qf2 Nxf4 27. Nf5 Nxd3 28. Bxd3 Qxd3 29. Ne7+ Kh8 30. Nxc8 Rxc8 31. b3 Nc3 32. Bxc3 bxc3 33. Rc2 Rd8 34. Rf1 Rd4 35. Qf5 Qxf5 36. Rxf5 Rxg4 37. Rxf7 Bd4 38. Rf1 Kg7 39. Re2 a5 40. a3 Kg6 41. Re6+ Kh5 42. Re2 Rf4 43. Kg2 Kg4 44. Rxf4+ Kxf4 45. Kf1 Kf3 46. Ke1 Be3 47. Kd1 g4 48. Re1 h5 49. Kc2 Kf2 50. Rb1 Bd2 51. b4 cxb4 52. axb4 axb4 53. Rxb4 Kg2 54. Rb5 h4 55. Rh5 Kh3 56. Kd3 Bf4 0-1

[Event "HUN-chT2 Toth 1314"]
[Site "Hungary"]
[Date "2014.03.23"]
[Round "9.1"]
[White "Prorok, Marton"]
[Black "Simonyi, Zoltan"]
[Result "1-0"]
[WhiteElo "2261"]
[BlackElo "2227"]
[PlyCount "83"]
[EventDate "2013.09.08"]
[EventType "team-tourn"]
[EventRounds "11"]
[EventCountry "HUN"]
[SourceTitle "EXT 2016"]
[Source "ChessBase"]
[SourceDate "2015.10.08"]
[SourceVersion "1"]
[SourceVersionDate "2015.10.08"]
[SourceQuality "1"]
[WhiteTeam "Abony"]
[BlackTeam "Ujszasz"]
[WhiteTeamCountry "HUN"]
[BlackTeamCountry "HUN"]

1. e4 e6 2. e5 d6 3. exd6 cxd6 4. d4 Nf6 5. Nf3 Nc6 6. Nc3 Be7 7. Bg5 h6 8. Be3 Qa5 9. Bd3 e5 10. 0-0 Bg4 11. Bb5 0-0 12. d5 Bxf3 13. gxf3 Nb8 14. Kh1 Rc8 15. a4 Kh8 16. Qd2 Bf8 17. Rg1 Qb4 18. Bd3 Nbd7 19. Bf5 Rc4 20. a5 Nc5 21. a6 bxa6 22. Bd3 Rh4 23. Bxa6 Rh3 24. Be2 a5 25. b3 Rc8 26. Nb5 Qxd2 27. Bxd2 Nxd5 28. Rxa5 Nf6 29. Rga1 g6 30. Ra8 Rxa8 31. Rxa8 Kg7 32. Nc7 Rh4 33. Ra7 e4 34. Bc4 Be7 35. Ne8+ Nxe8 36. Rxe7 Ne6 37. Bxe6 Kf6 38. Rxe8 fxe6 39. fxe4 Rxe4 40. Bxh6 Re2 41. c4 Rb2 42. Rb8 1-0